000 01060nam a2200301Ia 4500
003 OSt
005 20221007123945.0
006 a|||||r|||| 00| 0
007 ta
008 221006b |||||||| |||| 00| 0 eng d
020 _a9783527318728 (hbd)
024 _a82871
037 _b303, 12/12/2008, Ashutosh Technical Books
_cTextbook
040 _aCDL
_cCDL
_beng
041 _2eng
_aeng
082 _aC9B3, P8 Carc
100 _aOttow Eckhard Ed.
_9477664
245 0 _aNuclear receptors as drug targets
_b Weinmann Hilmar Ed.
260 _aWeinheim
_bWILEY-VCH Verlag GmbH & Co. KGaA
_c2008
300 _axxiv, 498p.
_ccm.
490 _aMethods and Principles in Medicinal Chemistry, 39
500 _aIncludes bibliographical references.; Index 489-498p.
650 _a Nuclear receptors
_9718201
650 _aChemistry
700 _a Weinmann Hilmar Ed.
_9477665
942 _hC9B3, P8 Carc
_cTB
_2CC
999 _c1212714
_d1212714